Statistiques concernant Les plus grandes villes de Bretagne

Cliquez ici pour prendre le quiz!

Statistiques générales

  • Ce quiz a été pris 155 fois
  • Le résultat moyen est 11 sur 20

Statistiques - réponses

Nombre d'habitantsVille% Correct
222 485Rennes
99%
139 456Brest
98%
57 412Lorient
93%
54 017Vannes
93%
63 473Quimper
90%
46 995Saint-Malo
88%
44 166Saint-Brieuc
83%
20 209Concarneau
56%
20 451Lannion
51%
15 092Pontivy
51%
20 505Fougères
50%
18 603Vitré
40%
16 025Landerneau
33%
22 940Lanester
33%
19 090Bruz
28%
15 873Hennebont
25%
17 316Cesson-Sévigné
24%
18 537Ploemeur
19%
15 196Guipavas
18%
16 689Lamballe-Armor
10%

Distribution des résultats

Percentile par nombre de réponses

% des personnes avec chaque résultat

Votre développement - résultats

Vous n’avez pas pris ce quiz